| 000 | 01211nam a2200301 a 4500 | ||
|---|---|---|---|
| 001 | ebr5003882 | ||
| 003 | CaPaEBR | ||
| 006 | m u | ||
| 007 | cr cn||||||||| | ||
| 008 | 931117s1994 ctu sb 001 0 eng | ||
| 010 | _z 93042764 | ||
| 020 | _z0899308929 (alk. paper) | ||
| 040 |
_aCaPaEBR _cCaPaEBR |
||
| 035 | _a(OCoLC)70769273 | ||
| 050 | 1 | 4 |
_aKF2479 _b.D36 1994eb |
| 082 | 0 | 4 |
_a343.7309/79 _a347.303974 _220 |
| 100 | 1 | _aD'Angelo, George V. | |
| 245 | 1 | 0 |
_aAerospace business law _h[electronic resource] / _cGeorge V. d'Angelo. |
| 260 |
_aWestport, Conn. : _bQuorum Books, _c1994. |
||
| 300 | _axi, 186 p. | ||
| 504 | _aIncludes bibliographical references (p. [175]-176) and index. | ||
| 533 |
_aElectronic reproduction. _bPalo Alto, Calif. : _cebrary, _d2013. _nAvailable via World Wide Web. _nAccess may be limited to ebrary affiliated libraries. |
||
| 650 | 0 |
_aSpace industrialization _xLaw and legislation _zUnited States. |
|
| 650 | 0 |
_aSpace industrialization _xLaw and legislation. |
|
| 655 | 7 |
_aElectronic books. _2local |
|
| 710 | 2 | _aebrary, Inc. | |
| 856 | 4 | 0 |
_uhttp://site.ebrary.com/lib/rucke/Doc?id=5003882 _zAn electronic book accessible through the World Wide Web; click to view |
| 999 |
_c647 _d647 |
||